书目信息 |
| 题名: |
产业互联网的中国路径
|
|
| 作者: | 汤道生 , 朱恒源 编著 | |
| 分册: | ||
| 出版信息: | 北京 中信出版集团股份有限公司 2020 |
|
| 页数: | 23,236页 | |
| 开本: | 23cm | |
| 丛书名: | ||
| 单 册: | ||
| 中图分类: | F269.2-39 , F269.2 | |
| 科图分类: | ||
| 主题词: | 互联网络--影响--产业经济--产业发展--研究--中国 | |
| 电子资源: | ||
| ISBN: | 978-7-5217-1440-1 | |
| 000 | 00948nam0 2200241 450 | |
| 001 | 2148450603 | |
| 005 | 20211116132757.29 | |
| 010 | @a978-7-5217-1440-1@b精装@dCNY68.00 | |
| 100 | @a20201018d2020 em y0chiy0110 ea | |
| 101 | 0 | @achi |
| 102 | @aCN@b110000 | |
| 105 | @ay z 000yy | |
| 200 | 1 | @a产业互联网的中国路径@9chan ye hu lian wang de zhong guo lu jing@b专著@f汤道生,朱恒源编著 |
| 210 | @a北京@c中信出版集团股份有限公司@d2020 | |
| 215 | @a23,236页@d23cm | |
| 330 | @a本书从“产业互联网”的视角,探讨了中国产业的智能化跃迁路径,以及新产业秩序形成可能遇到原有产业格局的阻滞和挑战。该书分为四部分,内容包括:理论篇,产业互联网是历史的必然;产业技术篇,科技是第一生产力等。 | |
| 606 | 0 | @a互联网络@x影响@x产业经济@x产业发展@x研究@y中国 |
| 690 | @aF269.2-39@v5 | |
| 690 | @aF269.2@v4 | |
| 701 | 0 | @a汤道生@9tang dao sheng@4编著 |
| 701 | 0 | @a朱恒源@9zhu heng yuan@4编著 |
| 801 | 0 | @aCN@b山东中教@c20211112 |
| 905 | @aZUCC@dF269.2@e1 | |
| 产业互联网的中国路径/汤道生,朱恒源编著.-北京:中信出版集团股份有限公司,2020 |
| 23,236页;23cm |
| ISBN 978-7-5217-1440-1(精装):CNY68.00 |
| 本书从“产业互联网”的视角,探讨了中国产业的智能化跃迁路径,以及新产业秩序形成可能遇到原有产业格局的阻滞和挑战。该书分为四部分,内容包括:理论篇,产业互联网是历史的必然;产业技术篇,科技是第一生产力等。 |
| ● |
| 相关链接 |
|
|
|
正题名:产业互联网的中国路径
索取号:F269.2/1
 
预约/预借
| 序号 | 登录号 | 条形码 | 馆藏地/架位号 | 状态 | 备注 |
| 1 | 2000887383 | 2000887383 | 第三书库/ [索取号:F269.2/1] | 在馆 | |
| 2 | 2000887384 | 2000887384 | 第三书库/ [索取号:F269.2/1] | 在馆 | |
| 3 | 2000887385 | 2000887385 | 第三书库/ [索取号:F269.2/1] | 在馆 |